Business economics (Record no. 1303)
[ view plain ]
| 000 -LEADER | |
|---|---|
| fixed length control field | 00434cam a2200169ua 4500 |
| 008 - FIXED-LENGTH DATA ELEMENTS--GENERAL INFORMATION | |
| fixed length control field | 110708n ii |||gr||||Z||||||eng |
| 040 ## - CATALOGING SOURCE | |
| Transcribing agency | MAIN |
| 082 ## - DEWEY DECIMAL CLASSIFICATION NUMBER | |
| Classification number | 338.542 |
| 100 1# - MAIN ENTRY--PERSONAL NAME | |
| Personal name | Chopra. P. N., |
| Relator term | |
| 245 1# - TITLE STATEMENT | |
| Title | Business economics |
| Statement of responsibility, etc. | by P. N. Chopra |
| 260 ## - PUBLICATION, DISTRIBUTION, ETC. | |
| Place of publication, distribution, etc. | New Delhi: |
| Name of publisher, distributor, etc. | Kalyani Publishers, |
| Date of publication, distribution, etc. | 5th. |
| 300 ## - PHYSICAL DESCRIPTION | |
| Extent | 543p: |
| Other physical details | ill; |
| Dimensions | 23cm. |
| Extent | 360p: |
| 942 ## - ADDED ENTRY ELEMENTS (KOHA) | |
| Koha item type | Books |
| 653 ## - INDEX TERM--UNCONTROLLED | |
| Uncontrolled term | Economics |
| 653 ## - INDEX TERM--UNCONTROLLED | |
| Uncontrolled term | Business economics |
| Withdrawn status | Lost status | Damaged status | Not for loan | Home library | Current library | Shelving location | Date acquired | Total Checkouts | Full call number | Barcode | Date last seen | Date last checked out | Copy number | Price effective from | Koha item type |
|---|---|---|---|---|---|---|---|---|---|---|---|---|---|---|---|
| Central Library, Naharkatiya College | Central Library, Naharkatiya College | General Stacks | 19/09/2020 | 1 | 338.542 | CHO | 2343 | 17/08/2024 | 17/08/2024 | 1 | 19/09/2020 | Books |
